[Event "Wch Seniors (Women) 03rd"]
[Site "Bad Wildbad"]
[Date "1993.??.??"]
[Round "3"]
[White "Hausner, Alfreda"]
[Black "Ladanyike Karakas, Eva"]
[Result "1/2-1/2"]
[WhiteElo "2015"]
[BlackElo "2125"]
[PlyCount "58"]
[EventDate "1993.11.??"]
[EventType "swiss"]
[EventRounds "11"]
[EventCountry "GER"]
[SourceTitle "EXT 1997"]
[Source "ChessBase"]
[SourceDate "1996.11.15"]
[SourceVersion "1"]
[SourceVersionDate "1996.11.15"]
[SourceQuality "1"]

1. d4 e6 2. e4 d5 3. exd5 exd5 4. Bd3 Bd6 5. Nf3 Ne7 6. 0-0 Bg4 7. c3 Nbc6 8. Nbd2 Qd7 9. Qb3 0-0-0 10. a4 Bf5 11. Bxf5 Qxf5 12. Re1 Ng6 13. Nf1 Na5 14. Qd1 Rhe8 15. Ne3 Qh5 16. Nf1 Nh4 17. Nxh4 Qxh4 18. Bd2 Re4 19. g3 Qh3 20. Qf3 f5 21. Ne3 f4 22. Nxd5 fxg3 23. fxg3 Rh4 24. Re2 Rg4 25. Qg2 Qh5 26. Nf4 Bxf4 27. Bxf4 Rf8 28. Be5 Nc4 29. Rae1 Re8 1/2-1/2

[Event "HUN-chT"]
[Site "Hungary"]
[Date "1993.??.??"]
[Round "?"]
[White "Murin, Janos"]
[Black "Ladanyike Karakas, Eva"]
[Result "1-0"]
[WhiteElo "2245"]
[BlackElo "2075"]
[PlyCount "107"]
[EventDate "1993.??.??"]
[EventType "team"]
[EventRounds "13"]
[EventCountry "HUN"]
[SourceTitle "TD"]
[Source "ChessBase"]
[SourceDate "1994.03.01"]
[SourceVersion "1"]
[SourceVersionDate "1994.03.01"]
[SourceQuality "1"]

1. Nf3 e6 2. g3 f5 3. Bg2 Nf6 4. d3 Be7 5. Nc3 d6 6. 0-0 e5 7. e4 Nc6 8. Nd5 fxe4 9. Nxf6+ Bxf6 10. dxe4 Be6 11. c3 0-0 12. Qe2 a6 13. Nd2 Qe7 14. Nc4 Qf7 15. Ne3 Na5 16. b3 Rad8 17. Ba3 b5 18. Rad1 Nc6 19. h4 Ne7 20. Rd2 Nc8 21. Rfd1 Nb6 22. Bb4 Be7 23. Ba5 Rb8 24. Rf1 Qg6 25. Bxb6 Rxb6 26. Nd5 Bxd5 27. exd5 Qh6 28. Rd3 Rbb8 29. Be4 Rf7 30. Qg4 Rbf8 31. Kg2 Kh8 32. f3 Bf6 33. Ra1 g5 34. h5 Rb8 35. Rc1 Qf8 36. c4 b4 37. Rd2 a5 38. Rdc2 Be7 39. Qe6 Rd8 40. Qg4 Rg7 41. Ra1 Rb8 42. Rb2 Bf6 43. a3 Qe7 44. axb4 axb4 45. Ra7 Rgg8 46. Rba2 Rb6 47. Ra8 Rbb8 48. Rxb8 Rxb8 49. Ra7 Qg7 50. c5 dxc5 51. d6 Bd8 52. Qe6 Qf6 53. dxc7 Qxe6 54. cxb8Q 1-0

[Event "Budapest FS10 IM (Women)"]
[Site "Budapest"]
[Date "1993.??.??"]
[Round "8"]
[White "Ulms, Sandra"]
[Black "Ladanyike Karakas, Eva"]
[Result "1-0"]
[WhiteElo "2160"]
[BlackElo "2125"]
[PlyCount "99"]
[EventDate "1993.10.??"]
[EventType "tourn"]
[EventRounds "11"]
[EventCountry "HUN"]
[SourceTitle "EXT 1997"]
[Source "ChessBase"]
[SourceDate "1996.11.15"]
[SourceVersion "1"]
[SourceVersionDate "1996.11.15"]
[SourceQuality "1"]

1. d4 e6 2. c4 f5 3. Nf3 Nf6 4. e3 c6 5. Bd3 d5 6. 0-0 Bd6 7. b3 0-0 8. Ba3 Bxa3 9. Nxa3 Qe7 10. c5 Nbd7 11. Qc2 Ne4 12. b4 a6 13. Qb2 Ndf6 14. Ne5 Bd7 15. f3 Ng5 16. Nc2 Nf7 17. a4 Be8 18. Rab1 Nxe5 19. dxe5 Nd7 20. f4 Bh5 21. Nd4 g5 22. Rfc1 Rf7 23. Qc2 Rg7 24. b5 axb5 25. axb5 Rc8 26. bxc6 bxc6 27. Bxf5 exf5 28. Nxf5 Qe6 29. Nxg7 Kxg7 30. Rb7 Kh8 31. Ra1 Bg6 32. Qc3 gxf4 33. exf4 Rf8 34. Raa7 Rf7 35. h3 Bf5 36. g4 Bxg4 37. Rxd7 Rxd7 38. Rxd7 Qxd7 39. e6+ Qg7 40. Qxg7+ Kxg7 41. hxg4 Kf6 42. f5 h6 43. Kf2 Ke7 44. Ke3 Ke8 45. f6 Kf8 46. e7+ Kf7 47. Kd4 Ke8 48. Ke5 Kd7 49. Kf5 Ke8 50. Ke6 1-0

[Event "HUN-chT"]
[Site "Hungary"]
[Date "1992.??.??"]
[Round "14"]
[White "Bardossi, Jeno"]
[Black "Ladanyike Karakas, Eva"]
[Result "1-0"]
[WhiteElo "2280"]
[BlackElo "2025"]
[PlyCount "75"]
[EventDate "1992.??.??"]
[EventType "team"]
[EventRounds "14"]
[EventCountry "HUN"]
[SourceTitle "EXT 2000"]
[Source "ChessBase"]
[SourceDate "1999.11.16"]
[SourceVersion "1"]
[SourceVersionDate "1999.11.16"]
[SourceQuality "1"]

1. Nf3 e6 2. g3 f5 3. Bg2 Nf6 4. 0-0 Be7 5. c4 c6 6. b3 a5 7. a3 Na6 8. Bb2 0-0 9. d3 d6 10. Nbd2 e5 11. Qc2 Kh8 12. Bc3 Be6 13. b4 axb4 14. axb4 d5 15. b5 cxb5 16. cxb5 Nc7 17. Rxa8 Qxa8 18. b6 Na6 19. Bxe5 Rc8 20. Qb2 Bd8 21. Nd4 Bd7 22. Bh3 Ng4 23. Bxg7+ Kg8 24. N4f3 Rc6 25. Bd4 Re6 26. e3 Rh6 27. Bg2 Qc8 28. Rc1 Rc6 29. Rxc6 Bxc6 30. h3 Nh6 31. Ne5 Nb8 32. Ndf3 Nd7 33. Nxd7 Qxd7 34. Ne5 Qd6 35. Nxc6 bxc6 36. Be5 Qd7 37. b7 Nf7 38. b8Q 1-0

[Event "HUN-chT"]
[Site "Hungary"]
[Date "1992.??.??"]
[Round "?"]
[White "Csoke, Adrienn"]
[Black "Ladanyike Karakas, Eva"]
[Result "1-0"]
[WhiteElo "2235"]
[BlackElo "2025"]
[PlyCount "70"]
[EventDate "1992.??.??"]
[EventType "team"]
[EventRounds "14"]
[EventCountry "HUN"]
[SourceTitle "EXT 2000"]
[Source "ChessBase"]
[SourceDate "1999.11.16"]
[SourceVersion "1"]
[SourceVersionDate "1999.11.16"]
[SourceQuality "1"]

1. e4 e6 2. d4 d5 3. Nd2 Nf6 4. e5 Nfd7 5. Bd3 c5 6. c3 Nc6 7. Ne2 f5 8. exf6 Qxf6 9. Nf3 Bd6 10. 0-0 0-0 11. Bg5 Qf7 12. Bh4 Nf6 13. Bg3 Qe7 14. dxc5 Bxg3 15. Nxg3 Qxc5 16. Re1 e5 17. Nxe5 Nxe5 18. Rxe5 Ng4 19. Bxh7+ Kxh7 20. Rh5+ Kg8 21. Ne4 Qb6 22. Qxd5+ Be6 23. Qb5 Qxb5 24. Rxb5 Rf4 25. f3 b6 26. Rd1 Re8 27. b3 Ne3 28. Rd3 Nc2 29. Rg5 Kh7 30. Rd6 Bf5 31. Ng3 g6 32. Nxf5 Rxf5 33. Rxf5 gxf5 34. Rd7+ Kg6 35. Rd6+ Kf7 1-0

[Event "Wch Seniors (Women) 02nd"]
[Site "Bad Woerishofen"]
[Date "1992.??.??"]
[Round "8"]
[White "Hausner, Alfreda"]
[Black "Ladanyike Karakas, Eva"]
[Result "1/2-1/2"]
[WhiteElo "2015"]
[BlackElo "2025"]
[PlyCount "131"]
[EventDate "1992.11.08"]
[EventType "tourn"]
[EventRounds "11"]
[EventCountry "GER"]
[SourceTitle "EXT 1997"]
[Source "ChessBase"]
[SourceDate "1996.11.15"]
[SourceVersion "1"]
[SourceVersionDate "1996.11.15"]
[SourceQuality "1"]

1. d4 Nf6 2. Nf3 g6 3. c4 Bg7 4. Nc3 d5 5. e3 c6 6. Be2 Nbd7 7. 0-0 0-0 8. b3 Re8 9. cxd5 Nxd5 10. Nxd5 cxd5 11. Bb2 Nf6 12. Ne5 a6 13. Rc1 Nd7 14. Nxd7 Bxd7 15. Qd2 Bc6 16. Rc5 Qd7 17. Rfc1 Bf8 18. R5c2 e6 19. Bc3 Rac8 20. Bb4 Bg7 21. Bc3 Bb5 22. Bb2 Rxc2 23. Rxc2 Bxe2 24. Qxe2 Rc8 25. Qd2 Rc6 26. g3 Qc7 27. Rxc6 Qxc6 28. Qc3 Qxc3 29. Bxc3 Kf8 30. Kf1 Ke7 31. Ke2 Kd7 32. Kd3 Kc6 33. f3 Bf8 34. h3 h5 35. g4 Be7 36. Bd2 Kb5 37. Bc3 Ba3 38. Kc2 Bf8 39. Kd3 Bd6 40. f4 hxg4 41. hxg4 f5 42. g5 Ba3 43. Kc2 a5 44. Bd2 a4 45. Bc3 axb3+ 46. axb3 Bb4 47. Bb2 Be1 48. Ba3 Bb4 49. Bb2 Ka5 50. Bc1 Be1 51. Ba3 b6 52. Kd3 Kb5 53. Kc2 Bb4 54. Bc1 Be7 55. Bd2 Ba3 56. Kd3 Be7 57. Kc2 Bb4 58. Bc1 Be1 59. Ba3 Ka5 60. Kd3 Kb5 61. Kc2 Bf2 62. Kd2 Ka5 63. Ke2 Bh4 64. Be7 Kb5 65. Ba3 Bg3 66. Be7 1/2-1/2

[Event "Wch Seniors (Women) 02nd"]
[Site "Bad Woerishofen"]
[Date "1992.??.??"]
[Round "1"]
[White "Kattinger, Ingeborg"]
[Black "Ladanyike Karakas, Eva"]
[Result "0-1"]
[WhiteElo "2005"]
[BlackElo "2025"]
[PlyCount "106"]
[EventDate "1992.11.08"]
[EventType "tourn"]
[EventRounds "11"]
[EventCountry "GER"]
[SourceTitle "EXT 1997"]
[Source "ChessBase"]
[SourceDate "1996.11.15"]
[SourceVersion "1"]
[SourceVersionDate "1996.11.15"]
[SourceQuality "1"]

1. e4 e5 2. Nf3 Nf6 3. d4 Nxe4 4. Bd3 d5 5. Nxe5 Bd6 6. 0-0 0-0 7. c4 Nf6 8. Bg5 c6 9. Nc3 Be7 10. cxd5 Nxd5 11. Be3 Be6 12. a3 Nd7 13. Nf3 N7f6 14. h3 Bd6 15. Ne5 Qc7 16. Nf3 Nf4 17. Bxf4 Bxf4 18. Re1 Rad8 19. Qc2 h6 20. Rad1 Kh8 21. Ne2 Bd6 22. Rc1 Bd5 23. Nd2 Qd7 24. Nc4 Bb8 25. Ne5 Qd6 26. f4 Be6 27. Bc4 Nd5 28. Qd2 Kg8 29. Rf1 f6 30. Ng6 Rfe8 31. Bd3 Bf7 32. Rf3 a6 33. Nh4 Ne7 34. Bb1 Ba7 35. Rd1 Rd7 36. Qd3 f5 37. Rd2 g6 38. g4 fxg4 39. hxg4 Red8 40. f5 Bxd4+ 41. Nxd4 Qxd4+ 42. Qxd4 Rxd4 43. Rxd4 Rxd4 44. Nxg6 Rxg4+ 45. Kf2 Nxg6 46. fxg6 Bxg6 47. Ba2+ Kg7 48. Rb3 b5 49. Rc3 Be4 50. Be6 Rg6 51. Bc8 a5 52. b4 axb4 53. axb4 Rg2+ 0-1

[Event "HUN-chT"]
[Site "Hungary"]
[Date "1992.??.??"]
[Round "?"]
[White "Ladanyike Karakas, Eva"]
[Black "Murin, Janos"]
[Result "0-1"]
[WhiteElo "2025"]
[BlackElo "2255"]
[PlyCount "70"]
[EventDate "1992.??.??"]
[EventType "team"]
[EventRounds "14"]
[EventCountry "HUN"]
[SourceTitle "EXT 2000"]
[Source "ChessBase"]
[SourceDate "1999.11.16"]
[SourceVersion "1"]
[SourceVersionDate "1999.11.16"]
[SourceQuality "1"]

1. e4 c5 2. Nf3 Nc6 3. d4 cxd4 4. Nxd4 g6 5. Nc3 Bg7 6. Be3 Nf6 7. Nxc6 bxc6 8. e5 Ng8 9. f4 Nh6 10. Be2 0-0 11. 0-0 d6 12. exd6 exd6 13. Bd4 Bxd4+ 14. Qxd4 Nf5 15. Qf2 d5 16. g4 Nd6 17. h3 Re8 18. Bd3 Qb6 19. b3 Ba6 20. Bxa6 Qxa6 21. Rae1 Qa5 22. Na4 Ne4 23. Qg2 Nd2 24. Rxe8+ Rxe8 25. Rd1 Ne4 26. Rf1 Qb4 27. f5 Qd4+ 28. Kh2 Qe5+ 29. Kg1 Ng3 30. Rf3 Qe1+ 31. Kh2 Re2 32. Rxg3 Rxg2+ 33. Rxg2 d4 34. fxg6 fxg6 35. Nc5 Qe5+ 0-1

[Event "Budapest Spring op 08th"]
[Site "Budapest"]
[Date "1992.??.??"]
[Round "?"]
[White "Ladanyike Karakas, Eva"]
[Black "Seul, Georg"]
[Result "0-1"]
[WhiteElo "2025"]
[BlackElo "2415"]
[PlyCount "124"]
[EventDate "1992.03.??"]
[EventType "swiss"]
[EventRounds "9"]
[EventCountry "HUN"]
[SourceTitle "CBM 030 Extra"]
[Source "ChessBase"]
[SourceDate "1992.11.01"]
[SourceVersion "1"]
[SourceVersionDate "1992.11.01"]
[SourceQuality "1"]

1. e4 d6 2. d4 g6 3. f4 Bg7 4. Nf3 c5 5. dxc5 Qa5+ 6. Nbd2 Qxc5 7. Nb3 Qc7 8. Bd3 Nf6 9. Qe2 0-0 10. 0-0 Nc6 11. c3 e5 12. fxe5 Nxe5 13. Nxe5 dxe5 14. Bg5 Nd7 15. Rf2 Nb6 16. Be3 f6 17. Rd1 Be6 18. Nc5 Bf7 19. b3 Rfd8 20. Rff1 Bf8 21. Qf2 Be7 22. Bc2 Rxd1 23. Rxd1 Rd8 24. Rxd8+ Bxd8 25. Qd2 Be7 26. Nd3 Nd7 27. c4 a5 28. Nf2 Be6 29. Qe2 Bc5 30. Nd3 Bxe3+ 31. Qxe3 b6 32. Nb2 Qd6 33. Na4 Kg7 34. Nc3 Nc5 35. Nb5 Qe7 36. Nc3 Bd7 37. Nd5 Qd6 38. a3 Be6 39. Nc3 Nd7 40. Nb5 Qe7 41. Qd2 Qc5+ 42. Qf2 Qc6 43. Nc3 Bf7 44. Qe3 Nc5 45. Nb5 a4 46. b4 Nb3 47. Bxb3 axb3 48. Qxb3 Qxb5 49. cxb5 Bxb3 50. Kf2 Ba4 51. Ke3 Bxb5 52. Kd2 Kf7 53. Kc3 Ke6 54. Kb3 Bc6 55. a4 Bxe4 56. g3 f5 57. a5 bxa5 58. bxa5 Bb7 59. Kb4 f4 60. gxf4 exf4 61. Kc5 f3 62. Kb6 Bd5 0-1

[Event "Budapest IM (Women)"]
[Site "Budapest"]
[Date "1991.??.??"]
[Round "8"]
[White "Ladanyike Karakas, Eva"]
[Black "Grabics, Monika"]
[Result "1-0"]
[WhiteElo "2040"]
[BlackElo "2115"]
[PlyCount "99"]
[EventDate "1991.??.??"]
[EventType "tourn"]
[EventRounds "11"]
[EventCountry "HUN"]
[SourceTitle "EXT 1997"]
[Source "ChessBase"]
[SourceDate "1996.11.15"]
[SourceVersion "1"]
[SourceVersionDate "1996.11.15"]
[SourceQuality "1"]

1. e4 c5 2. Nc3 Nc6 3. Nf3 e6 4. d4 cxd4 5. Nxd4 Qc7 6. Be3 Nf6 7. Be2 Bb4 8. Ndb5 Qb8 9. a3 Be7 10. Qd2 a6 11. Nd4 0-0 12. f4 d6 13. 0-0 Qc7 14. Nb3 b5 15. g4 Nd7 16. Rad1 Nc5 17. Bf3 Bb7 18. Qf2 b4 19. axb4 Nxb4 20. e5 Bxf3 21. exd6 Bxd6 22. Rxd6 Ne4 23. Nxe4 Bxe4 24. Rd4 Bxc2 25. Rxb4 Rfc8 26. Rc1 Qd7 27. Rd4 Qb5 28. Na1 Bd3 29. Rxc8+ Rxc8 30. Qd2 h6 31. Rxd3 Qa4 32. Rd8+ Rxd8 33. Qxd8+ Kh7 34. Qd3+ Kg8 35. Qb1 e5 36. Qc1 exf4 37. Bxf4 g5 38. Qc8+ Kh7 39. Qf5+ Kg8 40. Qc8+ Kh7 41. Qc2+ Qxc2 42. Nxc2 gxf4 43. Kg2 Kg6 44. h4 h5 45. g5 f6 46. gxf6 Kxf6 47. Kf3 Kf5 48. b3 Ke5 49. Nb4 a5 50. Nc6+ 1-0